| 000 | 00510nam a22001817a 4500 | ||
|---|---|---|---|
| 020 | _a9789390790494 | ||
| 082 |
_aM 894.812 _bSHY/N |
||
| 100 |
_aShyja J _aRaisy Jose Chemmannur _aDivya T S |
||
| 245 |
_aNettarivu: _bmalayalam pareekshavijayi/ _cby Shyja J |
||
| 250 | _a2nd ed. | ||
| 260 |
_aKozhikkode: _bAtma books pavanatma publishers, _c2022. |
||
| 300 | _a833p. | ||
| 650 | _aLanguage Malayalam | ||
| 650 | _aLiterature Malayalam | ||
| 650 | _aNET JRF | ||
| 650 | _aHST HSST-SET K TET | ||
| 942 | _cBK | ||
| 999 |
_c181721 _d181721 |
||